Vista normal
Vista MARC
Entrada Corporate Name
Número de registros utilizados en: 1
001 - CONTROL NUMBER
- control field: 37723
003 - CONTROL NUMBER IDENTIFIER
- control field: OSt
005 - DATE AND TIME OF LATEST TRANSACTION
- control field: 20210520150325.0
008 - FIXED-LENGTH DATA ELEMENTS
- fixed length control field: 210520|| aca||aabn | a|a d
040 ## - CATALOGING SOURCE
- Original cataloging agency: OSt
- Transcribing agency: OSt
110 ## - HEADING--CORPORATE NAME
- Corporate name or jurisdiction name as entry element: Banco de la República.
- Subordinate unit: Centro Regional de Estudios Económicos.
- Location of meeting: (Manizales)
670 ## - SOURCE DATA FOUND
- Source citation: Work cat.: (OSt)11761: Banco de la República. Centro Regional de Estudios Económicos. (Manizales)., Colombia en cifras 2003 / , 2003.